LEADER 01115nam0 22003011i 450 001 SUN0016553 005 20050228120000.0 010 $a88-7684-529-1 100 $a20040525d1999 |0itac50 ba 101 $aita 102 $aIT 105 $a|||| ||||| 200 1 $aˆLa ‰fatica di crescere$fSimona Argentieri, Stefania Rossini 210 $a[Milano]$cFrassinelli$d[1999] 215 $aX, 130 p.$d22 cm. 606 $aAnoressia mentale$2FI$3SUNC008366 606 $aBulimia$2FI$3SUNC008367 620 $dMilano$3SUNL000284 676 $a616.85262$v21 700 1$aArgentieri$b, Simona$3SUNV012099$0155500 701 1$aRossini$b, Stefania$3SUNV012377$0729406 712 $aFrassinelli$3SUNV000258$4650 801 $aIT$bSOL$c20181109$gRICA 912 $aSUN0016553 950 $aUFFICIO DI BIBLIOTECA DEL DIPARTIMENTO DI PSICOLOGIA$d16 CONS 2892 $e16 LET9588 995 $aUFFICIO DI BIBLIOTECA DEL DIPARTIMENTO DI PSICOLOGIA$bIT-CE0119$gLET$h9588$kCONS 2892$oc$qa 996 $aFatica di crescere$91429649 997 $aUNICAMPANIA LEADER 02467nam 2200565 450 001 9910819538103321 005 20170919050811.0 010 $a1-4985-2970-4 035 $a(CKB)3710000000514360 035 $a(EBL)4093004 035 $a(SSID)ssj0001570108 035 $a(PQKBManifestationID)16220776 035 $a(PQKBTitleCode)TC0001570108 035 $a(PQKBWorkID)14798613 035 $a(PQKB)11024070 035 $a(MiAaPQ)EBC4093004 035 $a(EXLCZ)993710000000514360 100 $a20151214h20162016 uy 0 101 0 $aeng 135 $aur|n|---||||| 181 $ctxt 182 $cc 183 $acr 200 10$aDeep pantheism $etoward a new transcendentalism /$fRobert S. Corrington 210 1$aLanham, Maryland :$cLexington Books,$d2016. 210 4$d©2016 215 $a1 online resource (131 p.) 300 $aDescription based upon print version of record. 311 $a1-4985-2971-2 311 $a1-4985-2969-0 320 $aIncludes bibliographical references and index. 327 $aContents; Preface; Acknowledgments; Introduction; 1 Nature Naturing and Nature Natured; 2 Ordinal Psychoanalysis and the Selving Process; 3 Religion and Art; 4 Archetypes, Evolution, and Betweenness; 5 Involution and the Encompassing; Postscript; References and Bibliography; About the Author; Index 330 $aThis book broadens our conceptions of the sheer breadth and uncanny depths of nature. It locates the Selving process directly within the one nature that there is-a nature that has no boundary or contour. The highest manifestation of the human psyche, as argued by Otto Rank, is the creation of the artistic personality. The book transcends and transforms current work in the field of religious naturalism, gives pantheism new life over against the more fashionable panentheism, radicalizes and deepens the thought and practice of psychoanalysis with its creation of ordinal psychoanalysis, and create 606 $aPhilosophy of nature 606 $aTranscendentalism 606 $aPhenomenology 606 $aPantheism 615 0$aPhilosophy of nature. 615 0$aTranscendentalism. 615 0$aPhenomenology. 615 0$aPantheism. 676 $a141/.3 700 $aCorrington$b Robert S.$f1950-$0546377 801 0$bMiAaPQ 801 1$bMiAaPQ 801 2$bMiAaPQ 906 $aBOOK 912 $a9910819538103321 996 $aDeep pantheism$94113293 997 $aUNINA